LDR 00809naa#a2200193#i#450# 001 EN\\bibl\126602 005 20260704204733.6 011 ## _a2222-7962 100 ## _a20260628b2026####ek#y0engy0150####ca 102 ## _aRU 200 1# _aEvaluation of the stability of the balsam poplar (Populus balsamifera L.) under conditions of mass leaf rust infestation _eJournal article 210 1# _aVoronezh _cFSBE Institution of Higher Education Voronezh State University of Forestry and Technologies named after G.F. Morozov _d2026 215 ## _a17 с. 608 ## _aJournal article _2local 675 ## _aСельское хозяйство. Лесное хозяйство. Охота. Рыбное хозяйство. 63 _z 700 #1 _aRunova _gE. M. 700 #1 _aPuzanova _gOl'ga A. 700 #1 _aNovoselova _gOl'ga I. 856 4# _anaukaru.ru _u